Catálogo público

Economía de la empresa agroalimentaria (Record no. 90953)

MARC details
000 -CABECERA
campo de control de longitud fija 01273cam a22003617a 4500
003 - IDENTIFICADOR DEL NÚMERO DE CONTROL
campo de control CHAP
005 - FECHA Y HORA DE LA ÚLTIMA TRANSACCIÓN
campo de control 20220329143030.0
008 - DATOS DE LONGITUD FIJA--INFORMACIÓN GENERAL
campo de control de longitud fija 050922d2004 es r 00110 spa d
010 ## - NÚMERO DE CONTROL DE LA BIBLIOTECA DEL CONGRESO
Número de control de LC 90953
011 ## - ENLACE DEL NUMERO DE CONTROL DE LA BIBLIOTECA DEL CONGRESO [OBSOLETO]
Número de control de LC 91925
020 ## - NÚMERO INTERNACIONAL ESTÁNDAR DEL LIBRO
Número Internacional Estándar del Libro 8484761932
035 ## - NÚMERO DE CONTROL DEL SISTEMA
Número de control de sistema 102488
040 ## - FUENTE DE LA CATALOGACIÓN
Centro/agencia transcriptor CHAP
082 04 - NÚMERO DE LA CLASIFICACIÓN DECIMAL DEWEY
Número de clasificación 631
Número de documento/Ítem A6 2004
100 00 - ENTRADA PRINCIPAL--NOMBRE DE PERSONA
Nombre de persona Alonso Sebastian, Ramon.
9 (RLIN) 4601
245 10 - MENCIÓN DE TÍTULO
Título Economía de la empresa agroalimentaria
Mención de responsabilidad, etc. /por Ramón Alonso Sebastián y Arturo Serrano Bermejo
250 ## - MENCIÓN DE EDICIÓN
Mención de edición 2ed.
260 ## - PUBLICACIÓN, DISTRIBUCIÓN, ETC.
Lugar de publicación, distribución, etc. Madrid :
Nombre del editor, distribuidor, etc. Mundi-Prensa,
Fecha de publicación, distribución, etc. 2004.
300 ## - DESCRIPCIÓN FÍSICA
Extensión 383 p. :
Otras características físicas ilus.
590 ## - NOTA LOCAL (RLIN)
Nota local BATCH-UPD
Procedencia (VM) [OBSOLETO] 10
Condición del los carretes individuales (VM) [OBSOLETO] 20130110
-- UCH01
-- 1846
590 ## - NOTA LOCAL (RLIN)
Nota local BATCH-UPD
Procedencia (VM) [OBSOLETO] 10
Condición del los carretes individuales (VM) [OBSOLETO] 20130410
-- UCH01
-- 1216
590 ## - NOTA LOCAL (RLIN)
Nota local CONVERSION
Procedencia (VM) [OBSOLETO] 10
Condición del los carretes individuales (VM) [OBSOLETO] 20130109
-- UCH01
-- 1350
650 14 - PUNTO DE ACCESO ADICIONAL DE MATERIA--TÉRMINO DE MATERIA
Término de materia o nombre geográfico como elemento de entrada Empresas agropecuarias.
9 (RLIN) 36649
650 14 - PUNTO DE ACCESO ADICIONAL DE MATERIA--TÉRMINO DE MATERIA
Término de materia o nombre geográfico como elemento de entrada Empresas.
9 (RLIN) 36635
650 14 - PUNTO DE ACCESO ADICIONAL DE MATERIA--TÉRMINO DE MATERIA
Término de materia o nombre geográfico como elemento de entrada Toma de decisiones.
9 (RLIN) 113662
700 0# - PUNTO DE ACCESO ADICIONAL--NOMBRE DE PERSONA
Nombre de persona Serrano Bermejo, Arturo.
9 (RLIN) 105205
901 ## - ELEMENTOS DE DATOS A LOCAL LDA (RLIN)
a BK
905 ## - ELEMENTOS DE DATOS E LOCAL, LDE (RLIN)
a Alejandra Carrasco M.
942 ## - ELEMENTOS DE PUNTO DE ACCESO ADICIONAL (KOHA)
Tipo de ítem Koha Libro
949 ## - PROCESAMIENTO DE INFORMACIÓN LOCAL (OCLC)
a 631 A6 2004
b BC
c LIBRO
d 33724000963211
e LIBRO
f c.3
g I.c/e
h 107006
i 102488
s b
t $ 444.55
949 ## - PROCESAMIENTO DE INFORMACIÓN LOCAL (OCLC)
a 631 A6 2004
b BC
c LIBRO
d 33724000963278
e LIBRO
f c.2
g I.c/e
h 107005
i 102488
s b
t $ 444.55
949 ## - PROCESAMIENTO DE INFORMACIÓN LOCAL (OCLC)
a 631 A6 2004
b BC
c LIBRO
d 33724000963328
e LIBRO
g I.c/e
h 107004
i 102488
s b
t $ 444.55
Holdings
Estado de retiro Estado de pérdida Fuente del sistema de clasificación o colocación Estado dañado Restricciones de uso No para préstamo Código de colección Localización permanente Ubicación/localización actual Ubicación en estantería Fecha de adquisición Fuente de adquisición Información codificada de la localización en otra ubicación Total de préstamos Signatura topográfica completa Código de barras Fecha visto por última vez Número de copia Precio válido a partir de Tipo de ítem Koha
    Dewey Decimal Classification   Préstamo 15 días   General Biblioteca Central Biblioteca Central Planta principal - Colección General 31/12/2019 I.c/e LIBRO   631 A6 2004 33724000963211 31/12/2019 c.3 31/12/2019 Libro
    Dewey Decimal Classification   Préstamo 15 días   General Biblioteca Central Biblioteca Central Planta principal - Colección General 31/12/2019 I.c/e LIBRO   631 A6 2004 33724000963278 31/12/2019 c.2 31/12/2019 Libro
    Dewey Decimal Classification   Préstamo 15 días   General Biblioteca Central Biblioteca Central Planta principal - Colección General 31/12/2019 I.c/e LIBRO   631 A6 2004 33724000963328 31/12/2019   31/12/2019 Libro